000 00715nam a2200253Ia 4500
003 OSt
005 20221007074947.0
006 a|||||r|||| 00| 0
007 ta
008 221006b |||||||| |||| 00| 0 eng d
024 _a1,389
037 _cReference Collections
040 _aFLL
_cFLL
_beng
041 _2eng
_aeng
082 _aX724:Z2, N5.2
100 _aIyengar A. C. Sampath
245 0 _aLaw of income tax Rev.by Dilip K. Sheth
250 _a9th
260 _aNew Delhi
_bBharat Law House Pvt. Ltd. India
_c1995
300 _a1637-3332p
_ccm.
650 _aIncome tax
942 _hX724:Z2, N5.2
_cREF
_2CC
999 _c1154303
_d1154303